header

Building codes for existing and historic buildings (Record no. 215315)

MARC details
000 -LEADER
fixed length control field 01256nam a2200337 a 4500
082 04 - DEWEY DECIMAL CLASSIFICATION NUMBER
Classification number 363.6/90973
100 1# - MAIN ENTRY--AUTHOR NAME
Personal name Green, Melvyn.
245 10 - TITLE STATEMENT
Title Building codes for existing and historic buildings
260 ## - PUBLICATION, DISTRIBUTION, ETC. (IMPRINT)
Place of publication Hoboken, N.J. :
Name of publisher Wiley,
Year of publication c2011.
300 ## - PHYSICAL DESCRIPTION
Number of Pages xii, 248 p.
500 ## - GENERAL NOTE
General note Includes index.
650 #0 - SUBJECT ADDED ENTRY--TOPICAL TERM
Topical Term Historic buildings
Topical Term Standards, Engineering
Topical Term Building laws
856 40 - ELECTRONIC LOCATION AND ACCESS
Uniform Resource Identifier http://site.ebrary.com/lib/rucke/Doc?id=10503055

No items available.

© 2026 Rongo University
Contact us: librarian | system librarian | Rongo university